| 000 | 00478nam a22001937a 4500 | ||
|---|---|---|---|
| 003 | MPLRDC | ||
| 005 | 20220104151339.0 | ||
| 008 | 210129b ||||| |||| 00| 0 eng d | ||
| 020 | _a957-659-268-2 | ||
| 082 | _a294 HZZ | ||
| 100 | _a洪正忠 | ||
| 245 |
_a怎样用罗盘看风水 _c |
||
| 250 | _a一版一刷 | ||
| 260 |
_a _b宇河文化出版有限公司 _c2003 |
||
| 300 | _b平 | ||
| 490 | _aEASY QUICK EQ-018 | ||
| 650 | _a堪舆--风水 | ||
| 942 |
_cBK _o294 HZZ |
||
| 999 |
_c52324 _d52314 |
||